Подробности
| 000 -МАРКЕР |
| контрольное поле |
02016nam0a2200289 4500 |
| 001 - ИДЕНТИФИКАТОР ЗАПИСИ |
| контрольное поле |
v19\rc\1647643 |
| 005 - ИДЕНТИФИКАТОР ВЕРСИИ |
| контрольное поле |
20250619002046.0 |
| 035 ## - ДРУГИЕ СИСТЕМНЫЕ НОМЕРА |
| Идентификатор записи |
(NLR Aleph) 004759570 |
| 100 ## - ДАННЫЕ ОБЩЕЙ ОБРАБОТКИ |
| Данные общей обработки |
20061002d1887 |||y0rusy50 ca |
| 101 0# - ЯЗЫК РЕСУРСА |
| Язык текста, звукозаписи и т.д. |
русский |
| 102 ## - СТРАНА ПУБЛИКАЦИИ ИЛИ ПРОИЗВОДСТВА |
| Страна публикации |
российская федерация |
| 105 ## - ПОЛЕ КОДИРОВАННЫХ ДАННЫХ: ТЕКСТОВЫЕ МАТЕРИАЛЫ, МОНОГРАФИЧЕСКИЕ |
| Кодированные данные о монографическом текстовом документе |
y z ||||| |
| 200 1# - ЗАГЛАВИЕ И СВЕДЕНИЯ ОБ ОТВЕТСТВЕННОСТИ |
| Основное заглавие |
Святая икона Божией Матери "Достойно есть", находящаяся в селе Юрьевском, Котельническаго уезда |
| Первые сведения об ответственности |
Сообщено Ф. Е. Садыриным |
| 210 ## - ПУБЛИКАЦИЯ, РАСПРОСТРАНЕНИЕ И ДР. |
| Место издания, распространения и т.д. |
[Москва] |
| Имя издателя, распространителя и т. д. |
Типография И. Ефимова |
| Дата издания, распространения и т.д. |
ценз. 1887 |
| 215 ## - ФИЗИЧЕСКАЯ ХАРАКТЕРИСТИКА |
| Специфическое обозначение материала и объем |
8 с. |
| Размеры |
22 |
| 225 1# - СЕРИЯ |
| Основное заглавие серии |
Благословение Обители Св. Пантелеимона |
| Обозначение тома |
94 |
| 300 ## - ОБЩИЕ ПРИМЕЧАНИЯ |
| Текст примечания |
Авт. указан в конце текста |
| 309 ## - ПРИМЕЧАНИЯ ОБ ОСНОВНОМ ИСТОЧНИКЕ ИНФОРМАЦИИ И ОБ ОСОБЕННОСТЯХ ПОЛИГРАФИЧЕСКОГО ОФОРМЛЕНИЯ ИЗДАНИЯ |
| Текст примечания |
Без тит. л. и обл. |
| 316 ## - ПРИМЕЧАНИЯ ОБ ОСОБЕННОСТЯХ ЭКЗЕМПЛЯРА |
| Текст примечания |
Экз. РНБ входит в конволют. Приплетено к.: О духовном значении и силе священническаго благословения : (из слов Высокопреосвященнейшаго Сергия, Архиепископа Херсонскаго и Одесскаго) . Москва : Типо-Литография И. Ефимова , ценз. 1893 |
| Организация и экземпляр, к которому относится поле |
NLR |
| 482 #0 - ПРИПЛЕТЕНО К |
| Встроенное поле |
001v19\rc\1263649 |
| Системный номер (АБИС) связанной записи |
5229905 |
| Место публикации |
Москва |
| Дата публикации |
ценз. 1893 |
| Имя издателя, распространителя и т.д. |
Типо-Литография И. Ефимова |
| Сведения, относящиеся к заглавию |
(из слов Высокопреосвященнейшаго Сергия, Архиепископа Херсонскаго и Одесскаго) |
| Физическая характеристика |
4 с. |
| Заглавие |
О духовном значении и силе священническаго благословения |
| 518 1# - ЗАГЛАВИЕ В СТАНДАРТНОМ СОВРЕМЕННОМ ПРАВОПИСАНИИ |
| Основное заглавие, вариант заглавия или унифицированное заглавие |
Святая икона Божьей Матери "Достойно есть", находящаяся в селе Юрьевском, Котельнического уезда |
| 700 #1 - ИМЯ ЛИЦА - ПЕРВИЧНАЯ ОТВЕТСТВЕННОСТЬ |
| Начальный элемент ввода |
Садырин |
| Часть имени, кроме начального элемента ввода |
Ф. Е. |
| 852 ## - МЕСТОНАХОЖДЕНИЕ И ШИФР ХРАНЕНИЯ |
| Идентификатор организации |
NLR |
| Шифр хранения (Call Number) |
18.257.1.77(89) |
| 942 ## - ДОПОЛНИТЕЛЬНЫЕ ЭЛЕМЕНТЫ ЗАПИСИ (АБИС) |
| Тип экземпляра АБИС |
Книга |
| 980 ## - КОЛЛЕКЦИЯ |
| Название коллекции |
Национальная библиография |